[Event "Dos Hermanas Internet qual-D 10th"]
[Site "ICC INT"]
[Date "2009.03.14"]
[Round "3"]
[White "Silva Sanchez, Carlos"]
[Black "Kovalyov, Anton"]
[Result "0-1"]
[WhiteElo "2388"]
[BlackElo "2557"]
[PlyCount "132"]
[GameId "1166651601924096"]
[EventDate "2009.03.14"]
[EventType "swiss (blitz)"]
[EventRounds "12"]
[EventCountry "ESP"]
[SourceTitle "EXT 2010"]
[Source "ChessBase"]
[SourceDate "2009.11.30"]
[SourceVersion "1"]
[SourceVersionDate "2009.11.30"]
[SourceQuality "1"]

1. e4 c5 2. Nf3 d6 3. d4 cxd4 4. Nxd4 Nf6 5. Nc3 a6 6. Be2 e5 7. Nb3 Be7 8. O-O O-O 9. f4 b5 10. Bf3 Nbd7 11. Kh1 Bb7 12. a4 b4 13. Nd5 Nxd5 14. exd5 a5 15. c4 bxc3 16. bxc3 Nb6 17. fxe5 dxe5 18. d6 Bxf3 19. Qxf3 Bxd6 20. Nd2 f5 21. Rd1 e4 22. Qe2 Qh4 23. Nf1 Rad8 24. g3 Qf6 25. Be3 Be5 26. Rab1 Nd5 27. Qc4 Qf7 28. Bc5 Nxc3 29. Qxf7+ Kxf7 30. Rb7+ Kg6 31. Rc1 Rfe8 32. Ne3 Re6 33. Ng2 Ne2 34. Re1 Rc8 35. Be3 h6 36. Nh4+ Kh7 37. Rxe2 Rf8 38. Rf2 Ref6 39. Rb5 f4 40. gxf4 Bxf4 41. Bxf4 Rxf4 42. Rxf4 Rxf4 43. Nf5 Kg6 44. Ne3 Rf3 45. Rb3 Kh5 46. Kg2 g5 47. h3 Kh4 48. Nf5+ Rxf5 49. Rb5 Rf3 50. Rxa5 Rg3+ 51. Kf2 Rxh3 52. Ra8 Ra3 53. a5 h5 54. a6 g4 55. a7 e3+ 56. Ke2 Kg3 57. Rh8 Rxa7 58. Rxh5 Re7 59. Rf5 Kg2 60. Rf8 g3 61. Rf6 Kh2 62. Rh6+ Kg1 63. Rg6 g2 64. Rh6 Rf7 65. Rh5 Rf2+ 66. Ke1 Rf8 0-1

[Event "Dos Hermanas Internet qual-D 10th"]
[Site "ICC INT"]
[Date "2009.03.14"]
[Round "4"]
[White "Kovalyov, Anton"]
[Black "Cheng, Bindi"]
[Result "1/2-1/2"]
[WhiteElo "2557"]
[BlackElo "2361"]
[PlyCount "187"]
[GameId "1166651602288640"]
[EventDate "2009.03.14"]
[EventType "swiss (blitz)"]
[EventRounds "12"]
[EventCountry "ESP"]
[SourceTitle "EXT 2010"]
[Source "ChessBase"]
[SourceDate "2009.11.30"]
[SourceVersion "1"]
[SourceVersionDate "2009.11.30"]
[SourceQuality "1"]

1. Nf3 d5 2. d4 c6 3. c4 Nf6 4. Nc3 a6 5. h3 g6 6. Bg5 Ne4 7. Bf4 Bg7 8. e3 O-O 9. Nxe4 dxe4 10. Ng5 c5 11. Nxe4 cxd4 12. exd4 Bxd4 13. Qd2 f5 14. Nc3 e5 15. Bh6 Rf7 16. c5 Be6 17. Be2 Nc6 18. Be3 f4 19. Bxd4 exd4 20. Ne4 Bd5 21. Nd6 Re7 22. O-O f3 23. Bxf3 Bxf3 24. gxf3 Re5 25. Rfe1 Rxc5 26. Re8+ Qxe8 27. Nxe8 Rxe8 28. Rd1 Rce5 29. Qf4 Kg7 30. Kg2 Rf8 31. Qh4 h6 32. b4 Rg5+ 33. Kf1 Rxf3 34. a4 Rgf5 35. Rd2 R5f4 36. Ke2 Rxh4 37. Kxf3 Rxh3+ 38. Ke4 Rh4+ 39. Kd5 Rh5+ 40. Kd6 Rf5 41. Kc7 Nxb4 42. Rxd4 a5 43. f4 h5 44. Kxb7 h4 45. Kb6 h3 46. Rd2 Rxf4 47. Rh2 Rf5 48. Rxh3 g5 49. Rg3 Kg6 50. Rg2 Kh5 51. Rg1 g4 52. Rh1+ Kg5 53. Rg1 Kf4 54. Rc1 g3 55. Rc4+ Kg5 56. Rc1 g2 57. Rg1 Rf2 58. Kxa5 Rb2 59. Kb5 Nd3+ 60. Kc4 Nf4 61. a5 Nh3 62. Rxg2+ Rxg2 63. a6 Ra2 64. Kb5 Nf4 65. Kb6 Nd5+ 66. Kb7 Nc7 67. a7 Ra3 68. Kb8 Ra6 69. Kb7 Ra5 70. Kb6 Ra6+ 71. Kb7 Kf6 72. a8=Q Rxa8 73. Kxc7 Re8 74. Kb7 Kf7 75. Kc7 Ke7 76. Kc6 Rd8 77. Kc5 Rd7 78. Kc4 Rd6 79. Kc3 Ke6 80. Kc2 Rd5 81. Kc3 Ke5 82. Kb3 Rd4 83. Kc3 Kd5 84. Kb3 Rc4 85. Kb2 Kd4 86. Kb3 Rc3+ 87. Kb4 Kd3 88. Kb5 Kd4 89. Kb6 Rb3+ 90. Kc6 Kc4 91. Kd6 Kd4 92. Ke6 Rb5 93. Kf6 Rb6+ 94. Kf5 1/2-1/2

[Event "Dos Hermanas Internet qual-D 10th"]
[Site "ICC INT"]
[Date "2009.03.14"]
[Round "5"]
[White "Abdalla, Luiz Guilherme"]
[Black "Kovalyov, Anton"]
[Result "0-1"]
[WhiteElo "2085"]
[BlackElo "2557"]
[PlyCount "72"]
[GameId "1166651602526208"]
[EventDate "2009.03.14"]
[EventType "swiss (blitz)"]
[EventRounds "12"]
[EventCountry "ESP"]
[SourceTitle "EXT 2010"]
[Source "ChessBase"]
[SourceDate "2009.11.30"]
[SourceVersion "1"]
[SourceVersionDate "2009.11.30"]
[SourceQuality "1"]

1. d4 Nf6 2. c4 e6 3. Nc3 Bb4 4. a3 Bxc3+ 5. bxc3 b6 6. f3 c5 7. e4 d6 8. Bd3 Nc6 9. Ne2 e5 10. O-O O-O 11. f4 exd4 12. cxd4 cxd4 13. Ng3 Nd7 14. Bb2 Nc5 15. Bb1 Re8 16. Qh5 g6 17. Qh6 Qf6 18. e5 Qg7 19. Qxg7+ Kxg7 20. exd6 Ba6 21. Ba2 Nd3 22. Rab1 Nxb2 23. Rxb2 Rad8 24. f5 Rxd6 25. fxg6 hxg6 26. c5 Bxf1 27. cxd6 Ba6 28. Rc2 Ne5 29. Rc7 d3 30. Ne4 Ng4 31. Rxf7+ Kh6 32. d7 d2 33. Nxd2 Re1+ 34. Nf1 Rd1 35. Be6 Ne5 36. Re7 Rxf1# 0-1

[Event "Dos Hermanas Internet qual-D 10th"]
[Site "ICC INT"]
[Date "2009.03.14"]
[Round "7"]
[White "Bachmann, Axel"]
[Black "Kovalyov, Anton"]
[Result "1-0"]
[WhiteElo "2562"]
[BlackElo "2557"]
[PlyCount "91"]
[GameId "1166651603562496"]
[EventDate "2009.03.14"]
[EventType "swiss (blitz)"]
[EventRounds "12"]
[EventCountry "ESP"]
[SourceTitle "EXT 2010"]
[Source "ChessBase"]
[SourceDate "2009.11.30"]
[SourceVersion "1"]
[SourceVersionDate "2009.11.30"]
[SourceQuality "1"]

1. e4 c5 2. Nc3 Nc6 3. Bb5 Nd4 4. Bc4 e6 5. Nge2 Ne7 6. O-O Nec6 7. d3 g6 8. Nxd4 cxd4 9. Ne2 Bg7 10. f4 O-O 11. a3 d5 12. Ba2 dxe4 13. dxe4 b6 14. Bc4 Qc7 15. Bd3 f5 16. Bd2 Bb7 17. Qe1 Rae8 18. e5 Qd7 19. b4 a5 20. Qf2 Rd8 21. Rab1 Qd5 22. bxa5 Nxa5 23. Rb5 Qd7 24. Rxb6 Nc6 25. Rfb1 Ba8 26. a4 Qc7 27. a5 g5 28. h3 Rfe8 29. Bc4 Kh8 30. fxg5 Nxe5 31. Bxe6 Qxc2 32. Nf4 Nc4 33. Bxc4 Qxc4 34. Kh2 d3 35. g6 Qd4 36. Qh4 h6 37. a6 Re2 38. Qg3 Rxd2 39. Rb8 Re2 40. Nxe2 dxe2 41. Rxd8+ Qxd8 42. Rb8 Bf6 43. Rxd8+ Bxd8 44. Qe5+ Kg8 45. Qe8+ Kg7 46. Qf7+ 1-0

[Event "Dos Hermanas Internet qual-D 10th"]
[Site "ICC INT"]
[Date "2009.03.14"]
[Round "8"]
[White "Kovalyov, Anton"]
[Black "Almeida Quintana, Omar"]
[Result "1-0"]
[WhiteElo "2557"]
[BlackElo "2521"]
[PlyCount "193"]
[GameId "1165543133814784"]
[EventDate "2009.03.14"]
[EventType "swiss (blitz)"]
[EventRounds "12"]
[EventCountry "ESP"]
[SourceTitle "EXT 2010"]
[Source "ChessBase"]
[SourceDate "2009.11.30"]
[SourceVersion "1"]
[SourceVersionDate "2009.11.30"]
[SourceQuality "1"]

1. c4 c5 2. Nf3 Nc6 3. d4 cxd4 4. Nxd4 f5 5. g3 g6 6. Bg2 Bg7 7. Nb3 Nf6 8. O-O O-O 9. Nc3 d6 10. Bg5 h6 11. Be3 Be6 12. Nd5 Ng4 13. Bc1 Rc8 14. e4 Nce5 15. exf5 Bxf5 16. h3 Nf6 17. Re1 Nxd5 18. Qxd5+ Kh8 19. Qxb7 Rc7 20. Qd5 Nxc4 21. g4 Bc8 22. Qd3 Nxb2 23. Bxb2 Bxb2 24. Qxg6 Rf6 25. Qh5 Bxa1 26. g5 Qf8 27. gxf6 Bxf6 28. Re3 Bd7 29. Rg3 Be8 30. Qe2 Bf7 31. Nd2 Rc1+ 32. Bf1 Be5 33. Rg2 Bd5 34. Rg4 Qf5 35. Qe3 Kh7 36. f4 Rc3 37. Qf2 Bf6 38. Rg3 Rxg3+ 39. Qxg3 Bd4+ 40. Kh2 Qf6 41. Bd3+ Kh8 42. Nf3 Bxf3 43. Qxf3 Be5 44. Kg3 Qg5+ 45. Qg4 Bxf4+ 46. Kf3 Qxg4+ 47. hxg4 e5 48. Ke4 Kg7 49. Kf5 Kf7 50. Be4 Ke7 51. Bd5 a5 52. Ke4 a4 53. Bc6 a3 54. Bd5 Bc1 55. Kf3 Bb2 56. Ke4 Bc1 57. Bc4 Bb2 58. Bd5 Bc1 59. Bc4 Bb2 60. Bb3 Bc1 61. Bc4 Bb2 62. Kf5 Bc1 63. Ke4 Bb2 64. Bb3 Bc1 65. Kd3 Bb2 66. Ke4 Bc1 67. Kf5 Bb2 68. g5 hxg5 69. Kxg5 e4 70. Kf4 e3 71. Kxe3 d5 72. Bxd5 Kd6 73. Bb3 Kc5 74. Kd3 Kb4 75. Kc2 Ka5 76. Kb1 Kb6 77. Kc2 Ka7 78. Bc4 Ka8 79. Bb3 Kb8 80. Kd3 Ka7 81. Kc4 Kb6 82. Kb4 Ka7 83. Ka4 Kb8 84. Bc4 Ka8 85. Bb5 Ka7 86. Kb4 Kb6 87. Kc4 Ka7 88. Kd5 Kb7 89. Kc4 Kb6 90. Kb4 Ka7 91. Ka5 Kb7 92. Ka4 Ka7 93. Kb4 Kb6 94. Kb3 Ka7 95. Kc4 Kb6 96. Kb3 Kxb5 97. Kc2 1-0

[Event "Dos Hermanas Internet qual-D 10th"]
[Site "ICC INT"]
[Date "2009.03.14"]
[Round "9"]
[White "Dziuba, Marcin"]
[Black "Kovalyov, Anton"]
[Result "1-0"]
[WhiteElo "2556"]
[BlackElo "2557"]
[PlyCount "75"]
[GameId "1166651604578304"]
[EventDate "2009.03.14"]
[EventType "swiss (blitz)"]
[EventRounds "12"]
[EventCountry "ESP"]
[SourceTitle "EXT 2010"]
[Source "ChessBase"]
[SourceDate "2009.11.30"]
[SourceVersion "1"]
[SourceVersionDate "2009.11.30"]
[SourceQuality "1"]

1. d4 Nf6 2. c4 e6 3. Nf3 b6 4. g3 c6 5. Bg2 d5 6. Qc2 Be7 7. O-O O-O 8. Rd1 Nbd7 9. Bf4 Nh5 10. Bd2 Ba6 11. b3 Nhf6 12. a4 c5 13. Na3 cxd4 14. Nxd4 Bxa3 15. Rxa3 Qe7 16. Qb2 Rfc8 17. Raa1 Bb7 18. a5 Nc5 19. b4 Na6 20. b5 Nc5 21. a6 Bxa6 22. bxa6 Rab8 23. cxd5 exd5 24. Bf4 Ra8 25. Bh3 Rd8 26. Nc6 Qe8 27. Nxd8 Rxd8 28. Be5 Nce4 29. Bxf6 Nxf6 30. Rac1 Qe7 31. e3 h5 32. Qd4 g5 33. Rc2 g4 34. Bg2 Rd6 35. Rdc1 Kg7 36. Rc6 Rd7 37. Qf4 Kg6 38. Bf1 1-0

[Event "Dos Hermanas Internet qual-D 10th"]
[Site "ICC INT"]
[Date "2009.03.14"]
[Round "10"]
[White "Kovalyov, Anton"]
[Black "Arenas Vanegas, David"]
[Result "0-1"]
[WhiteElo "2557"]
[BlackElo "2369"]
[PlyCount "76"]
[GameId "1166651605094400"]
[EventDate "2009.03.14"]
[EventType "swiss (blitz)"]
[EventRounds "12"]
[EventCountry "ESP"]
[SourceTitle "EXT 2010"]
[Source "ChessBase"]
[SourceDate "2009.11.30"]
[SourceVersion "1"]
[SourceVersionDate "2009.11.30"]
[SourceQuality "1"]

1. b3 Nf6 2. Bb2 Nc6 3. g3 g6 4. Bg2 Bg7 5. Nf3 O-O 6. O-O d6 7. d4 Bd7 8. Nbd2 Qc8 9. Re1 Bh3 10. Bh1 Re8 11. e4 e5 12. d5 Ne7 13. a4 h6 14. Nc4 Nh7 15. Ne3 f5 16. exf5 Nxf5 17. Nxf5 gxf5 18. Nh4 Rf8 19. Qh5 Bg4 20. Qg6 Rf6 21. f4 Rxg6 22. Nxg6 Qe8 23. Nh4 e4 24. Bxg7 Kxg7 25. Bg2 Qf7 26. h3 Bh5 27. c4 Rg8 28. Re3 Qf6 29. Rae1 Kf7 30. Kh2 Nf8 31. b4 Ng6 32. Nxg6 Bxg6 33. c5 Qd4 34. cxd6 cxd6 35. R3e2 Qxd5 36. Rc2 Re8 37. Bf1 Qd4 38. Rc6 bxc6 0-1

[Event "Dos Hermanas Internet qual-D 10th"]
[Site "ICC INT"]
[Date "2009.03.14"]
[Round "11"]
[White "Bispo, Leonardo"]
[Black "Kovalyov, Anton"]
[Result "0-1"]
[WhiteElo "2131"]
[BlackElo "2557"]
[PlyCount "22"]
[GameId "1166651605340160"]
[EventDate "2009.03.14"]
[EventType "swiss (blitz)"]
[EventRounds "12"]
[EventCountry "ESP"]
[SourceTitle "EXT 2010"]
[Source "ChessBase"]
[SourceDate "2009.11.30"]
[SourceVersion "1"]
[SourceVersionDate "2009.11.30"]
[SourceQuality "1"]

1. d4 a6 2. c4 b5 3. Nf3 bxc4 4. g3 Bb7 5. Bg2 Nf6 6. O-O e6 7. Nc3 c5 8. Re1 cxd4 9. Qxd4 d5 10. e4 dxe4 11. Ng5 Qxd4 0-1

[Event "Dos Hermanas Internet qual-D 10th"]
[Site "ICC INT"]
[Date "2009.03.14"]
[Round "12"]
[White "Kovalyov, Anton"]
[Black "Marques, Joao Paulo Cassemir"]
[Result "1-0"]
[WhiteElo "2557"]
[BlackElo "1530"]
[PlyCount "131"]
[GameId "1166651605889024"]
[EventDate "2009.03.14"]
[EventType "swiss (blitz)"]
[EventRounds "12"]
[EventCountry "ESP"]
[SourceTitle "EXT 2010"]
[Source "ChessBase"]
[SourceDate "2009.11.30"]
[SourceVersion "1"]
[SourceVersionDate "2009.11.30"]
[SourceQuality "1"]

1. b3 d5 2. Bb2 c6 3. Nf3 e6 4. c4 Nf6 5. cxd5 cxd5 6. e3 Be7 7. a3 O-O 8. Be2 Nc6 9. O-O Qc7 10. b4 a6 11. d4 Ne4 12. Nbd2 f5 13. Rc1 Qd7 14. Nb3 g5 15. Nc5 Bxc5 16. dxc5 g4 17. Ne5 Nxe5 18. Bxe5 Qf7 19. Bb2 Bd7 20. Qd4 Qf6 21. f3 Qxd4 22. Bxd4 Nd2 23. Rf2 Nb3 24. Rc3 Nxd4 25. exd4 gxf3 26. Bxf3 Kf7 27. Re2 Rg8 28. Kf2 Kf6 29. Ra2 a5 30. Rb3 Bb5 31. Rb1 Bc4 32. Raa1 a4 33. b5 Ra5 34. b6 Rb5 35. Rxb5 Bxb5 36. Rb1 Bc6 37. g3 Ra8 38. Ke3 Ra5 39. Kf4 h6 40. Be2 Bd7 41. Bd3 Bc6 42. h3 Bd7 43. g4 fxg4 44. hxg4 Ra8 45. Rh1 Kg7 46. Ke5 Rf8 47. Kd6 Bc6 48. Kxe6 Rf3 49. Bf5 Rxa3 50. Kd6 Rg3 51. Ra1 a3 52. Bc8 Rf3 53. Be6 Rf4 54. Kc7 Rf6 55. Kd6 Rf4 56. Rxa3 Rxd4 57. Ra7 Re4 58. Bc8 d4 59. Bxb7 Bxb7 60. Rxb7+ Kg6 61. Ra7 d3 62. Ra1 d2 63. Rd1 Rd4+ 64. Kc7 Kg5 65. c6 Kxg4 66. b7 1-0

[Event "Dos Hermanas Internet qual-E 10th"]
[Site "ICC INT"]
[Date "2009.03.15"]
[Round "1"]
[White "Ho, Conrad"]
[Black "Kovalyov, Anton"]
[Result "0-1"]
[WhiteElo "2063"]
[BlackElo "2557"]
[PlyCount "36"]
[GameId "1166651613827072"]
[EventDate "2009.03.15"]
[EventType "swiss (blitz)"]
[EventRounds "12"]
[EventCountry "ESP"]
[SourceTitle "CBM 129 Extra"]
[Source "ChessBase"]
[SourceDate "2009.05.05"]
[SourceVersion "2"]
[SourceVersionDate "2009.05.20"]
[SourceQuality "1"]

1. e4 b6 2. d4 Bb7 3. Nc3 e6 4. Bd3 Bb4 5. Qe2 d5 6. e5 Ne7 7. a3 Bxc3+ 8. bxc3 a5 9. Qg4 Ng6 10. h4 h5 11. Qf3 Ba6 12. Bxg6 fxg6 13. Qg3 Kd7 14. Qxg6 Qe8 15. Qxg7+ Kc8 16. Nf3 Kb7 17. Bg5 Qb5 18. Qxh8 Qe2# 0-1

[Event "Dos Hermanas Internet qual-E 10th"]
[Site "ICC INT"]
[Date "2009.03.15"]
[Round "2"]
[White "Kovalyov, Anton"]
[Black "Angulo Martinez, Jon"]
[Result "1-0"]
[WhiteElo "2557"]
[BlackElo "2197"]
[PlyCount "103"]
[GameId "1166651614646272"]
[EventDate "2009.03.15"]
[EventType "swiss (blitz)"]
[EventRounds "12"]
[EventCountry "ESP"]
[SourceTitle "CBM 129 Extra"]
[Source "ChessBase"]
[SourceDate "2009.05.05"]
[SourceVersion "2"]
[SourceVersionDate "2009.05.20"]
[SourceQuality "1"]

1. b3 d5 2. Bb2 c6 3. Nf3 Nf6 4. c4 e6 5. e3 Be7 6. Be2 O-O 7. O-O Nbd7 8. cxd5 exd5 9. d3 Nb6 10. a3 Bf5 11. Nbd2 Bg6 12. Nh4 Re8 13. Nxg6 hxg6 14. Nf3 Nfd7 15. Qc2 Bf6 16. b4 Bxb2 17. Qxb2 Nf6 18. Rfe1 Qe7 19. Bf1 Na4 20. Qc2 Nb6 21. h3 Qd6 22. Nd4 Re7 23. Nb3 Nbd7 24. Qc3 Rae8 25. Qd4 b6 26. Rac1 Rc8 27. e4 Qe5 28. Qxe5 Rxe5 29. f4 Re7 30. Nd4 c5 31. Nb5 dxe4 32. Nd6 Rc6 33. Nxe4 Nxe4 34. dxe4 Rce6 35. e5 cxb4 36. Bc4 bxa3 37. Bxe6 Rxe6 38. Rc3 Nc5 39. Rxa3 a5 40. Rd1 Kf8 41. Ra2 Ke8 42. Rad2 a4 43. Rd4 g5 44. fxg5 Rxe5 45. h4 Ke7 46. Rd6 b5 47. R6d5 Ke6 48. Rd6+ Ke7 49. R1d5 Rxd5 50. Rxd5 a3 51. Rxc5 a2 52. Rc7+ 1-0

[Event "Dos Hermanas Internet qual-E 10th"]
[Site "ICC INT"]
[Date "2009.03.15"]
[Round "3"]
[White "Bispo, Leonardo"]
[Black "Kovalyov, Anton"]
[Result "1-0"]
[WhiteElo "2131"]
[BlackElo "2557"]
[PlyCount "131"]
[GameId "1166651615137792"]
[EventDate "2009.03.15"]
[EventType "swiss (blitz)"]
[EventRounds "12"]
[EventCountry "ESP"]
[SourceTitle "CBM 129 Extra"]
[Source "ChessBase"]
[SourceDate "2009.05.05"]
[SourceVersion "2"]
[SourceVersionDate "2009.05.20"]
[SourceQuality "1"]

1. d4 Nf6 2. Nf3 e6 3. c4 b6 4. g3 c6 5. Bg2 d5 6. cxd5 cxd5 7. O-O Be7 8. Nc3 O-O 9. Re1 Bb7 10. Ne5 Nc6 11. Bf4 Nxe5 12. Bxe5 Nd7 13. Bf4 Bb4 14. Qb3 Qe7 15. Rac1 Rfc8 16. a3 Bxc3 17. Rxc3 Rxc3 18. Qxc3 Rc8 19. Qd2 Nf6 20. Rc1 Qd7 21. Rxc8+ Qxc8 22. Qc1 Bc6 23. Bd2 h6 24. Bb4 a5 25. Bd2 Qd7 26. Qc2 Bb5 27. e3 Ne8 28. b4 a4 29. Bf3 Nd6 30. Bc1 Bc4 31. Bd1 b5 32. Qd2 Ne4 33. Qe1 Qe7 34. Bc2 Ng5 35. Kg2 Qf6 36. f4 Ne4 37. Bxe4 dxe4 38. Qd1 Qf5 39. Bb2 Qd5 40. Qc2 Bd3 41. Qd2 Qb3 42. g4 Qa2 43. Kg3 Qb1 44. Bc1 Bc4 45. h4 Bd5 46. g5 h5 47. Kf2 Kh7 48. Ke1 Kg6 49. Qb2 Qd3 50. Qd2 Qc4 51. Kf2 Qc8 52. Bb2 Kf5 53. Kg3 Kg6 54. Qc3 Qd7 55. Qc5 f6 56. Bc3 Kf5 57. Be1 fxg5 58. fxg5 Kg6 59. Kh2 Qf7 60. Qc2 Qf3 61. Qf2 Qd1 62. Qg3 Qe2+ 63. Bf2 Kh7 64. Kg1 Bc4 65. Kh2 Qf1 66. g6+ 1-0

[Event "Dos Hermanas Internet qual-E 10th"]
[Site "ICC INT"]
[Date "2009.03.15"]
[Round "6"]
[White "Kovalyov, Anton"]
[Black "Berrios Echevarria, Gabriel"]
[Result "1-0"]
[WhiteElo "2557"]
[BlackElo "2134"]
[PlyCount "105"]
[GameId "1166651617951744"]
[EventDate "2009.03.15"]
[EventType "swiss (blitz)"]
[EventRounds "12"]
[EventCountry "ESP"]
[SourceTitle "CBM 129 Extra"]
[Source "ChessBase"]
[SourceDate "2009.05.05"]
[SourceVersion "2"]
[SourceVersionDate "2009.05.20"]
[SourceQuality "1"]

1. Nf3 c5 2. c4 g6 3. d4 cxd4 4. Nxd4 Bg7 5. e4 Nc6 6. Be3 Nf6 7. Nc3 Ng4 8. Qxg4 Nxd4 9. Qd1 Ne6 10. Qd2 Qa5 11. Rc1 b6 12. b3 Bb7 13. f3 g5 14. Be2 Qe5 15. O-O h5 16. Nd5 h4 17. Rfd1 d6 18. Bf1 h3 19. g3 Kf8 20. a4 Bxd5 21. cxd5 Nc5 22. Rb1 a5 23. Bxg5 Rg8 24. Bxh3 Qc3 25. Qxc3 Bxc3 26. Bh6+ Ke8 27. Be3 Be5 28. Bf1 Kf8 29. Kg2 Bf6 30. Bd3 Rc8 31. Rbc1 Kg7 32. Bc4 Rgd8 33. Rc2 Nd7 34. Rdc1 Ne5 35. Be2 Rxc2 36. Rxc2 Rb8 37. f4 Nd7 38. Kf3 Nc5 39. Bc4 Rc8 40. h4 Kf8 41. Rh2 e6 42. dxe6 fxe6 43. g4 Ke7 44. g5 Bh8 45. f5 exf5 46. exf5 Be5 47. Bf4 Rf8 48. f6+ Kd7 49. Bxe5 dxe5 50. Rd2+ Kc7 51. Kg4 e4 52. Kf5 e3 53. Re2 1-0

[Event "Dos Hermanas Internet qual-E 10th"]
[Site "ICC INT"]
[Date "2009.03.15"]
[Round "7"]
[White "Hughes, Tyler B"]
[Black "Kovalyov, Anton"]
[Result "0-1"]
[WhiteElo "2133"]
[BlackElo "2557"]
[PlyCount "92"]
[GameId "1166651618676736"]
[EventDate "2009.03.15"]
[EventType "swiss (blitz)"]
[EventRounds "12"]
[EventCountry "ESP"]
[SourceTitle "CBM 129 Extra"]
[Source "ChessBase"]
[SourceDate "2009.05.05"]
[SourceVersion "2"]
[SourceVersionDate "2009.05.20"]
[SourceQuality "1"]

1. d4 Nf6 2. c4 e6 3. Nc3 Bb4 4. f3 d5 5. a3 Be7 6. cxd5 Nxd5 7. e4 Nxc3 8. bxc3 c5 9. Be3 cxd4 10. cxd4 O-O 11. Bd3 b6 12. Ne2 Ba6 13. O-O Bxd3 14. Qxd3 Qd7 15. Rfc1 Rd8 16. Qc4 a6 17. a4 a5 18. Rab1 Bb4 19. Nf4 Na6 20. Nd3 Qxa4 21. Ne5 Qe8 22. Nc6 Rdc8 23. Qb5 Nb8 24. Nxb4 axb4 25. Rxc8 Qxc8 26. Qxb6 Na6 27. Rc1 Qb8 28. Qa5 h6 29. Rb1 Qb7 30. Bd2 b3 31. Qa3 Rb8 32. Bc3 Qb5 33. h3 Qd3 34. Qb2 Nb4 35. Bxb4 Rxb4 36. Kh2 h5 37. h4 Kh7 38. Kh3 Kg6 39. Kh2 Qe3 40. Kh1 Qf4 41. Qf2 b2 42. g3 Qc1+ 43. Qg1 Qc2 44. g4 Kh7 45. gxh5 Rxd4 46. h6 gxh6 0-1

[Event "Dos Hermanas Internet qual-E 10th"]
[Site "ICC INT"]
[Date "2009.03.15"]
[Round "8"]
[White "Kovalyov, Anton"]
[Black "Zaltz, Dov"]
[Result "1-0"]
[WhiteElo "2557"]
[BlackElo "2301"]
[PlyCount "109"]
[GameId "1166651619512320"]
[EventDate "2009.03.15"]
[EventType "swiss (blitz)"]
[EventRounds "12"]
[EventCountry "ESP"]
[SourceTitle "CBM 129 Extra"]
[Source "ChessBase"]
[SourceDate "2009.05.05"]
[SourceVersion "2"]
[SourceVersionDate "2009.05.20"]
[SourceQuality "1"]

1. Nf3 Nf6 2. c4 g6 3. Nc3 d6 4. e4 Bg7 5. d4 O-O 6. Be2 e5 7. Be3 Ng4 8. Bg5 f6 9. Bc1 exd4 10. Nxd4 f5 11. h3 Nh6 12. Bxh6 Bxh6 13. exf5 gxf5 14. O-O Nc6 15. Nxc6 bxc6 16. Bf3 Bd7 17. Qd3 Qf6 18. b3 Rae8 19. Rad1 Kh8 20. Ne2 Rg8 21. Qd4 Bg7 22. Qxf6 Bxf6 23. Nd4 Bxd4 24. Rxd4 c5 25. Rd2 Re5 26. Kh2 Rge8 27. Rb1 a5 28. a3 Re1 29. Rbb2 Ra1 30. b4 cxb4 31. axb4 a4 32. b5 f4 33. Ra2 Rc1 34. Re2 Rxe2 35. Bxe2 Be6 36. Rxa4 Rc2 37. Ra8+ Kg7 38. Bd3 Rxf2 39. Ra7 f3 40. Rxc7+ Kf6 41. Kg3 Rxg2+ 42. Kxf3 Rh2 43. b6 Rxh3+ 44. Ke2 Rh2+ 45. Ke3 Rb2 46. b7 h5 47. Be4 h4 48. Rc8 h3 49. b8=Q Rxb8 50. Rxb8 Bxc4 51. Rh8 Bf7 52. Rxh3 Ke5 53. Rh2 d5 54. Bd3 d4+ 55. Kd2 1-0

[Event "Dos Hermanas Internet qual-E 10th"]
[Site "ICC INT"]
[Date "2009.03.15"]
[Round "9"]
[White "Bagirov, Rufat"]
[Black "Kovalyov, Anton"]
[Result "1-0"]
[WhiteElo "2484"]
[BlackElo "2557"]
[PlyCount "161"]
[GameId "1166651619930112"]
[EventDate "2009.03.15"]
[EventType "swiss (blitz)"]
[EventRounds "12"]
[EventCountry "ESP"]
[SourceTitle "CBM 129 Extra"]
[Source "ChessBase"]
[SourceDate "2009.05.05"]
[SourceVersion "2"]
[SourceVersionDate "2009.05.20"]
[SourceQuality "1"]

1. d4 Nf6 2. Nf3 e6 3. Bf4 b6 4. e3 Bb7 5. c3 c5 6. Nbd2 cxd4 7. exd4 d6 8. h3 a6 9. Bd3 Be7 10. O-O O-O 11. Re1 Nbd7 12. a4 Re8 13. Qb3 Qc7 14. Re2 Bf8 15. Rae1 Qc6 16. Ne4 Nxe4 17. Bxe4 Qc7 18. Bxb7 Qxb7 19. c4 Nf6 20. Bg5 Be7 21. Qd3 h6 22. Bxf6 Bxf6 23. b3 Rab8 24. d5 e5 25. Nd2 Be7 26. g4 b5 27. axb5 axb5 28. Ne4 bxc4 29. bxc4 Qb3 30. Qxb3 Rxb3 31. Re3 Rb4 32. Rc3 Rc8 33. Rec1 g6 34. Kg2 Kg7 35. f3 f5 36. Nf2 Bg5 37. R1c2 Ra4 38. Nd3 e4 39. fxe4 fxe4 40. Nf2 Bf6 41. Re3 Raxc4 42. Rxc4 Rxc4 43. Nxe4 Be5 44. Nf2 Rc2 45. Rd3 Kf6 46. Kf3 Ra2 47. Ne4+ Kg7 48. Rb3 Ra7 49. h4 Rf7+ 50. Ke3 h5 51. g5 Bf4+ 52. Kd3 Be5 53. Rb6 Rf3+ 54. Ke2 Rf4 55. Nxd6 Rxh4 56. Rb7+ Kf8 57. Nf7 Bf4 58. Kd3 Rh2 59. Ke4 Bg3 60. Nh8 h4 61. Nxg6+ Ke8 62. Kf3 Rf2+ 63. Kg4 Rd2 64. Nxh4 Bd6 65. Nf5 Bf8 66. Rb8+ Kf7 67. Rb7+ Ke8 68. g6 Rxd5 69. Kg5 Rd1 70. Kf6 Kd8 71. Rb8+ Kc7 72. Rxf8 Rg1 73. Rf7+ Kc6 74. g7 Kd5 75. Rf8 Ke4 76. g8=Q Rf1 77. Re8+ Kf4 78. Qc4+ Kf3 79. Qxf1+ Kg4 80. Rg8+ Kh5 81. Qh3# 1-0

[Event "Dos Hermanas Internet f 10th"]
[Site "ICC INT"]
[Date "2009.03.20"]
[Round "1.1"]
[White "Kovalyov, Anton"]
[Black "Dlugy, Maxim"]
[Result "1-0"]
[WhiteElo "2557"]
[BlackElo "2518"]
[PlyCount "73"]
[GameId "1166651628253184"]
[EventDate "2009.03.20"]
[EventType "k.o. (blitz)"]
[EventRounds "5"]
[EventCountry "USA"]
[SourceTitle "CBM 129 Extra"]
[Source "ChessBase"]
[SourceDate "2009.05.05"]
[SourceVersion "2"]
[SourceVersionDate "2009.05.20"]
[SourceQuality "1"]

1. Nf3 d5 2. d4 c5 3. c4 cxd4 4. Qxd4 Nf6 5. cxd5 Qxd5 6. Nc3 Qxd4 7. Nxd4 Bd7 8. Ndb5 Kd8 9. Bf4 Nc6 10. O-O-O e5 11. Bg5 a6 12. Nd6 Bxd6 13. Rxd6 Kc7 14. Rd2 Be6 15. e3 Rad8 16. Rxd8 Rxd8 17. Be2 Nb4 18. a3 Nd3+ 19. Bxd3 Rxd3 20. Bxf6 gxf6 21. Ne4 f5 22. Nc5 Rd5 23. b4 Rd8 24. Kc2 Bd5 25. Rg1 Rg8 26. g3 Bf3 27. Kc3 Kc6 28. Rc1 Rd8 29. Rc2 Rd1 30. Rd2 Rc1+ 31. Kb2 Rf1 32. Nd7 Be4 33. Nxe5+ Kb5 34. Nd7 b6 35. Rd6 Rxf2+ 36. Kb3 Bc6 37. a4# 1-0